|
|
|
|
| LEADER |
01823nam a2200445 i 4500 |
| 001 |
EBC2006566 |
| 003 |
MiAaPQ |
| 005 |
20200520144314.0 |
| 006 |
m o d | |
| 007 |
cr cnu|||||||| |
| 008 |
150611t20152015nyua o 001 0 eng d |
| 020 |
|
|
|z 9781137449542
|
| 020 |
|
|
|a 9781137449566 (e-book)
|
| 035 |
|
|
|a (MiAaPQ)EBC2006566
|
| 035 |
|
|
|a (Au-PeEL)EBL2006566
|
| 035 |
|
|
|a (CaPaEBR)ebr11061645
|
| 035 |
|
|
|a (CaONFJC)MIL760593
|
| 035 |
|
|
|a (OCoLC)904606221
|
| 040 |
|
|
|a MiAaPQ
|b eng
|e rda
|e pn
|c MiAaPQ
|d MiAaPQ
|
| 050 |
|
4 |
|a HF5549.5.M63
|b .K565 2015
|
| 082 |
0 |
|
|a 658.3/14
|2 23
|
| 100 |
1 |
|
|a Kinley, Nik,
|d 1968-
|e author.
|
| 245 |
1 |
0 |
|a Changing employee behavior :
|b a practical guide for managers /
|c Nik Kinley, Shlomo Ben-Hur.
|
| 264 |
|
1 |
|a New York, New York ;
|a Basingstoke, England ; :
|b Palgrave Macmillan,
|c 2015.
|
| 264 |
|
4 |
|c 2015
|
| 300 |
|
|
|a 1 online resource (255 pages) :
|b illustrations
|
| 336 |
|
|
|a text
|2 rdacontent
|
| 337 |
|
|
|a computer
|2 rdamedia
|
| 338 |
|
|
|a online resource
|2 rdacarrier
|
| 500 |
|
|
|a Includes index.
|
| 588 |
|
|
|a Description based on print version record.
|
| 590 |
|
|
|a Electronic reproduction. Ann Arbor, MI : ProQuest, 2016. Available via World Wide Web. Access may be limited to ProQuest affiliated libraries.
|
| 650 |
|
0 |
|a Employee motivation.
|
| 650 |
|
0 |
|a Change (Psychology)
|
| 650 |
|
0 |
|a Personnel management.
|
| 655 |
|
4 |
|a Electronic books.
|
| 700 |
1 |
|
|a Ben-Hur, Shlomo,
|e author.
|
| 776 |
0 |
8 |
|i Print version:
|a Kinley, Nik, 1968-
|t Changing employee behavior : a practical guide for managers.
|d Basingstoke, England ; New York, New York : Palgrave Macmillan, c2015
|h xiii, 240 pages
|z 9781137449542
|w 2014050083
|
| 797 |
2 |
|
|a ProQuest (Firm)
|
| 856 |
4 |
0 |
|u https://ebookcentral.proquest.com/lib/matrademy/detail.action?docID=2006566
|z Click to View
|